Statistiques concernant Culture Générale - Série 1167

Cliquez ici pour prendre le quiz!

Statistiques générales

  • Ce quiz a été pris 41 fois
  • Le résultat moyen est 7 sur 10

Statistiques - réponses

QuestionRéponse% Correct
Quel aliment peut être perdu, d'épices ou de Gênes ?pain
100%
A quel animal fait-on référence, lorsqu'on parle d'un pur-sang ?cheval
100%
Dans notre sang, ils sont appelés "hématies" s'ils sont rouges et "leucocytes" s'ils sont blancs. Qui sont-ils ?globules
97%
Selon le proverbe, que fait l'oiseau petit à petit ?son nid
92%
Comment nomme-t-on une carte plane qui représente l'ensemble du globe terrestre ?mappemonde
87%
Le moment de la journée où un bar propose des boissons à un tarif plus avantageux est appelé : "Happy...Hour
77%
Quel terme désigne un candidat reçu premier de sa promotion, au concours d'une grande école ?major
74%
En Inde, membre d'une confrérie mystique musulmane ou hindoue, ou professionnel du spectacle présentant des numéros d'insensibilité à la douleur, d'hypnose, etcfakir
54%
Quel acteur et chanteur français incarne le sergent tankiste Marcel Bizien, dans le film "Paris brûle-t-il" ?Yves Montand
26%
Le chaland à fond mobile destiné à transporter en haute mer les produits de dragage est appelé une "marie-...salope
13%

Distribution des résultats

Percentile par nombre de réponses

% des personnes avec chaque résultat

Votre développement - résultats

Vous n’avez pas pris ce quiz